000 nam a22 a 4500
999 _c3358
_d3358
005 20170522121807.0
008 170522b1985 enk||||| |||| 00| 0 eng d
020 _a0070158282 :
_c£30.50
040 _aAKMAL
082 0 4 _a658.4038 DAV
090 _a658.4038
_bDAV
100 1 _aDavis, Gordon B. |q (Gordon Bitter)
_96801
245 1 0 _aManagement information systems :
_bconceptual foundations, structure, and development.
250 _a2nd ed.
_bGordon B. Davis, Margrethe H. Olson.
260 _aNew York ;
260 _aLondon :
_bMcGraw-Hill,
_cc1984.
300 _aix,693p. :
_bill., facsims. ;
_c24cm
490 0 _aMcGraw-Hill series in management information systems
500 _aPrevious ed.: 1974.
504 _aIncludes bibliographies and index.
650 0 _aManagement information systems.
_9729
700 1 _aOlson, Margrethe H.
_96802
852 4 1 _aBritish Library
_bDSC
942 _2ddc
_cBOOK